| 000 | 00686nam a2200229 a 4500 | ||
|---|---|---|---|
| 003 | CO-ViMGA | ||
| 005 | 20230915225027.0 | ||
| 008 | 081119s2008 sp ab gr 00010 spa d | ||
| 020 | _a9788434233119 | ||
| 040 |
_aCO-ViMGA _bspa _cCO-ViMGA |
||
| 082 | 0 | 4 |
_aR 330 _bA71a _221 |
| 100 | 1 |
_aArbós Figueras, Eulalia. _9956 |
|
| 245 | 1 | 0 |
_aAtlas básico de economía / _cEulàlia Arbós Figueras. |
| 260 | 3 |
_aBarcelona : _bParramón, _c2008. |
|
| 300 |
_a96 p. : _bil., mapas ; _c28 cm. |
||
| 650 | 1 | 4 |
_aBolsa de valores. _9959 |
| 650 | 1 | 4 |
_aEconomía. _9957 |
| 650 | 1 | 4 |
_aSistema financiero. _9958 |
| 650 | 6 |
_aCiclos económicos. _9961 |
|
| 650 | 6 |
_aPresupuesto. _9960 |
|
| 942 | _2ddc | ||
| 999 |
_c12160 _d12160 |
||